000 01203nam0a2200325 4500
001 RU\NLR\BIBL_A\012579605
005 20211021160003.0
010 _a978-5-00105-582-2
_9100
021 _aRU
_bКН-П-21-022382
_9КН-П-21-1745
035 _a(NLR Aleph) 012579605
090 _a12517422
_c12517422
100 _a20210813d2020 u y0rusy50 ca
101 0 _arus
102 _aRU
105 _aa z 000zy
181 0 _ai
_baxxe
182 0 _an
200 1 _aКонтрастивная лингвистика
_eучебное пособие для студентов-иностранцев
_fЕ. О. Двинова
203 _aТекст
_bвизуальный
_cнепосредственный
210 _aСанкт-Петербург
_cЛЕМА
_d2020
215 _a50, [2] с.
_d29
320 _aБиблиогр.: с. 35-36 (45 назв.)
606 1 _aКонтрастивная лингвистика
_jУчебные издания для иностранцев
_2nlr_sh2
_3RU\NLR\AUTH\66563776
686 1 _aШ1в621.2я7
700 1 _aДвинова
_bЕ. О.
942 _cBOOK
980 _aNBR
980 _aNB